000 00438nam a2200133 4500
999 _c13351
_d13351
008 160518b xxu||||| |||| 00| 0 eng d
022 _a2094-8042
082 _2November 2006-December 2007 v.55-56
_aDPer 370.105
_bM72
245 _aThe modern teacher.
260 _aPhilippines:
_bIn the Grade School, Inc.,
_cc2006-2007.
300 _avarious paging:
_billustrations;
_c28 cm.
650 0 _aEducation
_vPeriodicals
_937298
942 _2ddc
_cPER